Pi Digits - Statistics

General Stats
  • This quiz has been taken 1,065 times
  • The average score is 43 of 73
Answer Stats
Hint Answer % Correct
3
100%
1
74%
1
73%
4
73%
2
72%
5
72%
5
72%
6
72%
9
72%
3
71%
5
71%
8
70%
9
70%
7
69%
2
68%
3
68%
3
68%
8
68%
9
68%
4
67%
6
67%
2
66%
3
65%
3
65%
4
65%
6
65%
.
64%
3
64%
8
64%
2
63%
7
62%
9
62%
0
61%
5
61%
2
60%
8
60%
4
59%
8
59%
1
58%
9
58%
1
57%
7
57%
6
56%
9
56%
3
55%
9
55%
3
54%
7
54%
9
54%
1
53%
5
53%
0
51%
5
49%
8
49%
2
48%
0
47%
9
47%
4
46%
7
46%
9
46%
4
45%
2
44%
4
44%
5
44%
9
44%
0
43%
1
43%
3
43%
6
43%
7
43%
8
43%
0
42%
4
42%
No matching quizzes found
Score Distribution
Percent of People with Each Score
Percentile by Number Answered
Your Score History
You have not taken this quiz